La francesilla /

Bibliographic Details
Main Author: Vega, Lope de, 1562-1635
Other Authors: McGrady, Donald
Format: Book
Language:Spanish
Published: Charlottesville, Va. : Biblioteca Siglo de Oro, 1981.
Series:Biblioteca Siglo de Oro (Series) ; 4.

MARC

Tag First Indicator Second Indicator Subfields
LEADER 00000cam a2200000 a 4500
001 in00000091007
005 20151008063850.0
008 810828s1981 vau b 00110 spa
010 |a  80070208  
020 |a 8449944562 (pbk.) 
035 |a (OCoLC)07795499 
035 |9 AAK3074AM 
039 0 |a 2  |b 3  |c 3  |d 3  |e 3 
040 |a DLC  |c DLC  |d TXA  |d UtOrBLW 
049 |a TXAM  |c [1672605] 
050 0 0 |a PQ6439  |b .F7 1981 
082 0 |a 862/.3  |2 19 
100 1 |a Vega, Lope de,  |d 1562-1635. 
245 1 3 |a La francesilla /  |c Lope de Vega ; edicion, introduccion y notas de Donald McGrady. 
264 1 |a Charlottesville, Va. :  |b Biblioteca Siglo de Oro,  |c 1981. 
300 |a 240 pages ;  |c 21 cm. 
336 |a text  |b txt  |2 rdacontent 
337 |a unmediated  |b n  |2 rdamedia 
338 |a volume  |b nc  |2 rdacarrier 
490 1 |a Biblioteca Siglo de Oro ;  |v 4 
504 |a Includes bibliographies and index. 
700 1 |a McGrady, Donald. 
830 0 |a Biblioteca Siglo de Oro (Series) ;  |v 4. 
999 |a MARS 
999 f f |s 81cf77b2-8332-3ade-8056-d9205a258592  |i c0014621-9ff6-3dd7-9274-589348ece9c4  |t 0 
952 f f |p normal  |a Texas A&M University  |b College Station  |c Sterling C. Evans Library  |d Evans: Library Stacks  |t 0  |e PQ6439 .F7 1981  |h Library of Congress classification  |i unmediated -- volume  |m A14806181550 
998 f f |a PQ6439 .F7 1981  |t 0  |l Evans: Library Stacks